书目信息 |
| 题名: |
人类疾病的遗传基础
|
|
| 作者: | 玛恩查 , Muench 著 ;罗逊 , 万正忠 译 | |
| 分册: | ||
| 出版信息: | 北京 科学普及出版社 1984 |
|
| 页数: | 117页 | |
| 开本: | 19cm | |
| 丛书名: | ||
| 单 册: | ||
| 中图分类: | R394 , R596 | |
| 科图分类: | ||
| 主题词: | 医学遗传学 , 全身性疾病 | |
| 电子资源: | ||
| ISBN: | ||
| 000 | 00953nam0 2200325 45 | |
| 001 | 0184009408 | |
| 005 | 20040524104048.4 | |
| 010 | @dCNY0.50 | |
| 091 | @a14051.1049 | |
| 100 | @a19950628d1984 em y0chiy0121 ea | |
| 101 | 1 | @achi@ceng |
| 102 | @aCN@b110000 | |
| 105 | @ay z 000yy | |
| 106 | @ar | |
| 200 | 10 | @a人类疾病的遗传基础@Aren lei ji bing de yi chuan ji chu@f(美)玛恩查(K.H.Mueneh)著@g罗逊,万正忠译 |
| 210 | @a北京@c科学普及出版社@d1984 | |
| 215 | @a117页@d19cm | |
| 300 | @a书名原文:The Genetic Basis for Human Disease | |
| 510 | 1 | @aThe Genetic Basis for Human Disease@zeng |
| 606 | @a医学遗传学 | |
| 606 | 0 | @a全身性疾病 |
| 690 | @aR394@v3 | |
| 690 | @aR596 | |
| 701 | 1 | @a玛恩查@Ama en cha@bK.H.@4著 |
| 701 | A1 | @aMuench@bK.H.@4著 |
| 702 | 0 | @a罗逊@Aluo xun@4译 |
| 702 | 0 | @a万正忠@Awan zheng zhong@4译 |
| 801 | 0 | @aCN@b上海图书馆@c20040524 |
| 801 | 2 | @aCN@bNLC@c20040524 |
| 905 | @f2@b125686-687@dR596@e20 | |
| 人类疾病的遗传基础/(美)玛恩查(K.H.Mueneh)著/罗逊,万正忠译.-北京:科学普及出版社,1984 |
| 117页;19cm |
| 书名原文:The Genetic Basis for Human Disease |
| ISBN :CNY0.50 |
| ● |
| 相关链接 |
|
|
|
|
正题名:人类疾病的遗传基础
索取号:R596/20
 
预约/预借
| 序号 | 登录号 | 条形码 | 馆藏地/架位号 | 状态 | 备注 |
| 1 | 0125686 | 000715024 | 第三借阅区/ [索取号:R596/20] | 在馆 | |
| 2 | 0125687 | 000715006 | 密集书库/ [索取号:R596/20] | 在馆 | |
| 3 | 0125688 | 000715033 | 第二样本阅览室/ [索取号:R596/20] | 在馆 |